Thomas Aquinas and Gabriel Biel : interpretations of St. Thomas Aquinas in German nominalism on the eve of the Reformation /

Bibliographic Details
Main Author: Farthing, John L., 1947-
Format: Book
Language:English
Published: Durham : Duke University Press, 1988.
Series:Duke monographs in medieval and Renaissance studies ; 9.
Subjects:

MARC

Tag First Indicator Second Indicator Subfields
LEADER 00000cam a2200000 a 4500
001 in00000030111
005 20151007060205.0
008 871014s1988 ncu b 00110 eng
010 |a  87027431  
020 |a 0822308061 (alk. paper) 
035 |a (OCoLC)16922801 
035 |9 AAC0259AM 
040 |a DLC  |c DLC  |d TXA  |d UtOrBLW 
049 |a TXAM  |c [A11091176] 
050 0 0 |a B765.T54  |b F36 1988 
082 0 |a 230/.2/0922  |2 19 
100 1 |a Farthing, John L.,  |d 1947- 
245 1 0 |a Thomas Aquinas and Gabriel Biel :  |b interpretations of St. Thomas Aquinas in German nominalism on the eve of the Reformation /  |c John L. Farthing. 
264 1 |a Durham :  |b Duke University Press,  |c 1988. 
300 |a x, 265 pages ;  |c 24 cm. 
336 |a text  |b txt  |2 rdacontent 
337 |a unmediated  |b n  |2 rdamedia 
338 |a volume  |b nc  |2 rdacarrier 
490 1 |a Duke monographs in medieval and Renaissance studies ;  |v 9 
504 |a Bibliography: pages 249-257. 
500 |a Includes index. 
600 0 0 |a Thomas,  |c Aquinas, Saint,  |d 1225?-1274  |x Influence. 
600 1 0 |a Biel, Gabriel,  |d -1495  |x Views on doctrines of Saint Thomas Aquinas. 
650 0 |a Nominalism  |x History. 
650 0 |a Philosophy, Medieval  |x History. 
610 2 0 |a Catholic Church  |x Doctrines  |x History. 
830 0 |a Duke monographs in medieval and Renaissance studies ;  |v 9. 
999 |a MARS 
999 f f |s fee67c18-966d-3faf-af87-d6a42ea8b3c9  |i 7485892f-e494-3f7c-8e76-5c0c1c25729d  |t 0 
952 f f |p ric  |a Texas A&M University  |b Rellis Campus  |c Joint Library Facility  |d Remote Storage  |t 0  |e B765.T54 F36 1988  |h Library of Congress classification  |i unmediated -- volume  |m A14811091176 
998 f f |a B765.T54 F36 1988  |t 0  |l Remote Storage